English writers
Guardado en:
| Autor principal: | |
|---|---|
| Formato: | Libro |
| Lenguaje: | Undetermined |
| Publicado: |
Boston, Estados Unidos
Ginn
1955
|
| Materias: | |
| Etiquetas: |
Agregar Etiqueta
Sin Etiquetas, Sea el primero en etiquetar este registro!
|
MARC
| LEADER | 00000nam a2200000Ia 4500 | ||
|---|---|---|---|
| 008 | 170316s9999 xx 000 0 und d | ||
| 040 | |a cru BVZT | ||
| 090 | |a A-820 P-1e | ||
| 100 | |a Peete Cross, Tom | ||
| 245 | |a English writers | ||
| 260 | |a Boston, Estados Unidos | ||
| 260 | |b Ginn | ||
| 260 | |c 1955 | ||
| 300 | |a 794 páginas | ||
| 650 | |a LITERATURA INGLESA | ||
| 650 | |a ANTOLOGÍA | ||
| 999 | |c 12372 |d 12372 | ||
| 942 | |c 15 D |h A-820 P-1e |2 z | ||
